000 00715nam a2200217Ii 4500
003 JO-AjNU
008 230606s9999||||xx |||||||||||||| ||und||
020 _a978-0-470-87934-4
040 _aJO-AjNU
_beng
_erda
_cJO-AjNU
041 _aeng
050 1 4 _aKF6369.3.T42.2011
100 3 _aSHIRLEY DENNIS - ESCOFFIER KAREN A . FORTIN ,
_eauthor
_9627
245 0 0 _aTAXATION FOR DECISION MAKERS
250 _a2011 ed
264 3 1 _aWILEY CUSTOM SERVICES ، 2011
300 _a638p
336 _atext
_btxt
_2rdacontent
337 _aunmediated
_bn
_2rdamedia
338 _avolume
_bnc
_2rdacarrier
650 4 _aIncome tax -- Law and legislation -- United States - Taxation -- Law and legislation -- United States
_9628
999 _aE330
_c330
_d330